000
00292nam a2200121Ia 4500
008
231011s9999 xx 000 0 und d
041
_a
eng
100
_a
Rathore P.S.
245
_a
discover the Power within
260
_b
Sterling Pub Ltd ,NewDelhi -
_c
2009
300
_a
206
365
_b
182
999
_c
899402
_d
899402